Statistics for FIFA FOOTBALL MAN UNITED PLAYER BY PICTURE

Click here to take the quiz!

General Stats

  • This quiz has been taken 78 times
  • The average score is 52 of 64

Answer Stats

Answer% Correct
Marcus Rashford
100%
Ángel Di María
97%
Wayne Rooney
97%
David de Gea
95%
Antony
94%
Raphaël Varane
94%
Rio Ferdinand
94%
André Onana
92%
Anthony Martial
92%
Bruno Fernandes
92%
Cristiano Ronaldo
92%
Juan Mata
92%
Paul Pogba
92%
Robin van Persie
92%
Zlatan Ibrahimović
92%
Harry Maguire
91%
Jadon Sancho
91%
Marouane Fellaini
91%
Patrice Evra
91%
Edwin van der Sar
89%
Christian Eriksen
88%
Fred
88%
Jesse Lingard
88%
Aaron Wan-Bissaka
86%
Alexis Sánchez
86%
Nani
86%
Alejandro Garnacho
84%
Bastian Schweinsteiger
84%
Henrikh Mkhitaryan
84%
Nemanja Vidić
84%
Lisandro Martínez
83%
Luke Shaw
83%
Paul Scholes
83%
Radamel Falcao
83%
Ryan Giggs
83%
Scott McTominay
83%
Chris Smalling
81%
Javier Hernández
81%
Nemanja Matić
81%
Ashley Young
80%
Mason Mount
80%
Victor Lindelöf
80%
Park Ji-sung
78%
Daley Blind
77%
Diogo Dalot
77%
Marcel Sabitzer
77%
Memphis Depay
77%
Phil Jones
77%
Eric Bailly
72%
Jonny Evans
72%
Michael Carrick
72%
Sergio Reguilón
72%
Rasmus Højlund
70%
Alex Telles
69%
Ander Herrera
67%
Donny van de Beek
67%
Wout Weghorst
66%
Antonio Valencia
64%
Daniel James
64%
Marcos Rojo
64%
Shinji Kagawa
64%
Morgan Schneiderlin
48%
Matteo Darmian
44%
Tom Cleverley
33%

Score Distribution

Percentile by Number Answered

Percent of People with Each Score

Your Score History

You have not taken this quiz